|
|
|
|
| LEADER |
00000nab a2200000 a 4500 |
| 001 |
vtls001018256 |
| 003 |
SK-MaSNL |
| 005 |
20260305003051.0 |
| 008 |
040720e20010601xo 0 slo |
| 035 |
|
|
|a SN4201
|
| 040 |
|
|
|a SNSK
|b slo
|c SNSK
|e AACR2
|
| 041 |
0 |
|
|a slo
|
| 044 |
|
|
|a xo
|c SK
|
| 080 |
|
|
|a 7.097.071.2
|2 1997
|
| 080 |
|
|
|a 929 Ondruš, Braňo
|2 1981
|
| 100 |
1 |
|
|a Mihalčínová, Anna
|4 aut
|9 848215
|
| 245 |
1 |
0 |
|a Prečo Ondruš odišiel z TV Markíza?
|
| 600 |
1 |
7 |
|a Ondruš, Branislav,
|d 1973-
|2 snkbucl
|9 167127
|
| 610 |
2 |
7 |
|a Televízia Markíza
|2 snkbucl
|9 59718
|
| 651 |
|
7 |
|a Spišská Nová Ves (Slovensko)
|2 SNSK
|9 28800
|
| 773 |
0 |
8 |
|t Národná obroda
|g Roč. 12, č.125, 1.6.2001, s. 4
|
| 852 |
|
|
|a ZVYKNI
|b KIS3GCP
|
| 999 |
|
|
|c 3228413
|d 3230343
|